[Event "GM Tournament Belgrade 2022"]
[Site "Belgrade"]
[Date "2022.03.09"]
[Round "4.4"]
[White "Abdusattorov, Nodirbek"]
[Black "Maghsoodloo, Parham"]
[Result "0-1"]
[WhiteElo "2651"]
[BlackElo "2701"]
[Annotator "TA"]
[PlyCount "98"]
[EventDate "2022.03.06"]
[EventType "tourn"]
[EventCountry "SRB"]
[SourceTitle "playchess.com"]
[Source "ChessBase"]
[SourceQuality "1"]

{[%evp 15,98,12,16,7,33,20,45,15,28,0,0,0,0,0,-9,-52,-38,-41,-23,-97,-102,-107,-107,-107,-95,-102,-57,-56,-64,-61,-53,-55,-45,-62,-49,-49,-47,-62,0,-53,-53,-60,-60,-66,-66,-66,-64,-64,-66,-77,-94,-95,-91,-98,-103,-138,-138,-128,-136,-161,-161,-161,-158,-181,-166,-266,-274,-277,-242,-700,-700,-692,-692,-685,-685,-1039,-1002,-1606,-1483,-1053,-1070,-1719,-1642,-1654,-965]} 1. c4 c5 2. g3 g6 3. Bg2 Nc6 4. Nc3 Bg7 5. Nf3 d6 6. O-O e6 7. e3 Nge7 8. d4 O-O 9. Rb1 {9.Re1 is a critical line. A37: Symmetrical English vs ...g6: 4 Bg2 Bg7 5 Nf3.} b6 $5 {[%mdl 4] An interesting side line.} 10. b3 Ba6 {[#]} 11. Ba3 $146 {White is slightly better.} ({Predecessor:} 11. Re1) 11... Rc8 12. Rc1 d5 13. Nb5 $1 cxd4 14. exd4 dxc4 15. bxc4 (15. Nd6 $1 $11) 15... Na5 $1 $15 16. Qa4 ({Reject} 16. Nxa7 Rxc4 17. Rb1 Qd7 18. Bxe7 (18. Nb5 $2 Bxb5 19. Rxb5 Qxb5 $19) 18... Qxe7 $17) 16... Qe8 {[%cal Oc8c4] Threatens to win with ...Rxc4!} 17. Nd2 {[#]} (17. Bxe7 $11 Qxe7 18. c5) 17... Rxc4 $1 $17 18. Nxc4 Bxb5 19. Qb4 Nxc4 20. Rxc4 {[#]} Bxc4 (20... a5 $1 $17 21. Qc3 Bxc4 22. Qxc4 b5) 21. Qxc4 $15 Qd7 {Prevents d5.} 22. Bxe7 Qxe7 23. d5 Rd8 24. Rc1 exd5 25. Bxd5 Bf8 26. Qd4 Bg7 (26... Rd6 $15) 27. Qd3 (27. Qc4 $11) 27... Bf6 28. Qf3 Kg7 29. Rc6 Bd4 {[%cal Od8d5] And now ...Rxd5! would win.} 30. Rc2 Rd6 31. Kg2 Qd7 32. Bb3 {Black keeps a firm grip on the game.} b5 {[%cal Bb6b5,Bb5b4,Bb4b3][%mdl 32]} 33. Rd2 a5 {[%cal Ba7a5,Ba5a4][%mdl 32]} 34. Qf4 a4 35. Bd1 Qc6+ $1 36. Bf3 Qc5 {...Be5 is the strong threat.} 37. Qe4 b4 $1 38. Qb1 Rf6 39. Qd1 Bc3 $36 {[%mdl 2048] White is under strong pressure.} 40. Rd8 {[#]} (40. Rd3 $142) 40... b3 $1 $19 41. axb3 {[#]} a3 $1 {Hoping for ...a2.} 42. Ra8 $2 (42. b4 Qe5 43. Ra8 Bxb4 44. Qc2 (44. Qd8 $2 Qc3 $19)) 42... Rd6 {Black is clearly winning.} 43. b4 Bxb4 44. Qa1+ Kh6 45. Bb7 Qb6 46. Be4 Rd2 47. Qe1 Qd4 {White must now prevent ...a2.} 48. Ra4 a2 49. Bf3 Rc2 {Weighted Error Value: White=0.44/Black=0.04 (flawless)} 0-1

[Event "GM Tournament Belgrade 2022"]
[Site "Belgrade"]
[Date "2022.03.09"]
[Round "4.5"]
[White "Markus, Robert"]
[Black "Nihal Sarin"]
[Result "1/2-1/2"]
[WhiteElo "2625"]
[BlackElo "2656"]
[Annotator "TA"]
[PlyCount "61"]
[EventDate "2022.03.06"]
[EventType "tourn"]
[EventCountry "SRB"]
[SourceTitle "playchess.com"]
[Source "ChessBase"]
[SourceQuality "1"]

{[%evp 9,61,18,24,13,17,14,35,39,37,39,46,38,39,34,55,42,54,39,41,34,39,37,57,47,93,59,58,40,40,40,41,41,76,55,93,66,102,75,94,71,87,73,92,85,79,73,73,68,68,44,73,0,51,0]} 1. Nf3 d5 2. g3 Nd7 3. d4 Nb6 4. a4 a5 5. b3 Bf5 6. Ba3 {D02: 1 d4 d5 2 Nf3 sidelines, including 2...Nf6 3 g3 and 2...Nf6 3 Bf4.} Nf6 7. Bg2 {[#]} g6 $146 ({Predecessor:} 7... h6 8. Nbd2 Nbd7 9. O-O e6 10. Bxf8 Nxf8 11. Qc1 N8d7 12. Qb2 O-O 13. Rfc1 {½-½ (13) Kostenko,P (2434)-Frolyanov,D (2518) Cheliabinsk 2022}) 8. O-O Bg7 9. e3 O-O 10. Nbd2 {[%cal Bb1d2,Bd2f3,Bf3e5][%mdl 32]} Re8 11. Rc1 Bg4 12. h3 Bxf3 13. Nxf3 e6 14. c4 c6 15. Qc2 Nc8 16. Ne5 Nd6 (16... Nd7 $14) 17. Rfd1 {White is more active.} Nf5 18. Bb2 Qe7 19. Bc3 Red8 20. Rb1 Qc7 21. Be1 Nd6 22. Rdc1 Bf8 23. Qe2 Re8 24. Rc2 Ra7 25. Qd1 Nc8 26. Nd3 Nb6 27. Rcc1 Nbd7 28. Qc2 Qd8 29. Bc3 Qc7 30. Be1 Qd8 $1 31. Bc3 {Weighted Error Value: White=0.11 (very precise) /Black=0.10 (very precise)} ({Better is} 31. Rd1 $14) 1/2-1/2

[Event "GM Tournament Belgrade 2022"]
[Site "Belgrade"]
[Date "2022.03.10"]
[Round "5.1"]
[White "Nihal Sarin"]
[Black "Sarana, Alexey"]
[Result "1/2-1/2"]
[WhiteElo "2656"]
[BlackElo "2685"]
[Annotator "TA"]
[PlyCount "60"]
[EventDate "2022.03.06"]
[EventType "tourn"]
[EventCountry "SRB"]
[SourceTitle "playchess.com"]
[Source "ChessBase"]
[SourceQuality "1"]

{[%evp 17,60,24,41,28,26,15,32,5,9,0,15,0,18,7,25,0,8,0,0,-15,7,16,9,21,6,6,21,31,48,54,41,45,71,68,72,67,66,69,72,43,43,56,61,24,29]} 1. e4 c5 2. Nc3 d6 3. Bb5+ Nc6 4. Bxc6+ bxc6 5. f4 g6 6. Nf3 Bg7 7. d3 Nh6 8. O-O O-O 9. Qe1 f6 10. Kh1 {[#] B23: Closed Sicilian: Lines without g3.} e5 $146 ({Predecessor:} 10... Nf7 11. Bd2 e5 12. fxe5 fxe5 13. Qg3 Be6 14. b3 Qd7 15. Rf2 Bg4 16. Nh4 Nh8 {1-0 (54) Antoniewski,R (2607)-Maze,S (2564) Marrakesh 2010}) 11. fxe5 fxe5 12. h3 {White is slightly better.} (12. Bg5 $5 {[%cal Rg5d8]} Qd7 13. a3 $11) 12... Nf7 13. Be3 Qe8 14. Qd2 h6 15. Ne2 Kh7 16. Qe1 Qe7 17. Qg3 Bf6 18. Nd2 Bd7 19. a3 a5 20. a4 Nd8 21. b3 Ne6 22. Nc4 Nd4 23. Nxd4 cxd4 24. Bd2 d5 25. Nb6 {[%cal Of1f6] [#] Hoping for Rxf6!} ({Don't play} 25. Nxa5 Bh4 26. Rxf8 Bxg3 $11) 25... Ra6 26. Nxd7 {White is more active.} Qxd7 27. Qe1 Qd8 28. Rf3 Bg7 29. Rxf8 Qxf8 30. Qe2 Qc5 {Weighted Error Value: White=0.10 (very precise) /Black=0.09 (flawless)} 1/2-1/2

[Event "GM Tournament Belgrade 2022"]
[Site "Belgrade"]
[Date "2022.03.10"]
[Round "5.2"]
[White "Maghsoodloo, Parham"]
[Black "Markus, Robert"]
[Result "1/2-1/2"]
[WhiteElo "2701"]
[BlackElo "2625"]
[Annotator "TA"]
[PlyCount "51"]
[EventDate "2022.03.06"]
[EventType "tourn"]
[EventCountry "SRB"]
[SourceTitle "playchess.com"]
[Source "ChessBase"]
[SourceQuality "1"]

{[%evp 18,51,25,16,25,16,41,39,36,35,39,28,43,41,72,0,0,-17,-7,-22,-31,-41,-29,-51,-43,-75,-80,-129,-10,-126,0,-120,0,-129,0,-104]} 1. d4 Nf6 2. c4 d6 3. Nc3 e5 4. Nf3 Nbd7 5. e4 g6 6. Be2 Bg7 7. dxe5 dxe5 8. O-O O-O 9. b4 c6 10. Qc2 Re8 {E94: King's Indian: Classical: 6 Be2 e5 7 0-0: Various Black 7th moves.} 11. Be3 Ng4 12. Bg5 f6 {White is slightly better.} 13. Bc1 {[#]} Nh6 $146 ({Predecessor:} 13... f5 14. c5 Ndf6 15. Bc4+ Kh8 16. Ng5 Nh6 17. Qb3 Qe7 18. f3 f4 19. Bb2 Nfg4 20. fxg4 Qxg5 {1-0 (38) Mai,I-Seidemann,U (1970) Cottbus 1983}) 14. Rd1 Qc7 15. c5 a5 16. b5 {White is more active.} ({Better is} 16. Bd2 $16) 16... Nxc5 $11 17. Ba3 Bf8 18. Bxc5 Bxc5 19. Na4 Bf8 20. Nd2 Nf7 21. b6 Qe7 22. Nb3 (22. Bc4 $142) 22... Qb4 (22... Kh8 $17 {Black wants to play ...Ng5.} 23. Nbc5 f5) 23. Nd2 (23. Nbc5 $11 Bxc5 24. Nxc5 Qxb6 25. Rab1) 23... Qe7 24. Nb3 $1 Qb4 25. Nd2 Qe7 26. Nb3 $1 {Weighted Error Value: White=0.21 (precise) /Black=0.41} 1/2-1/2

[Event "GM Tournament Belgrade 2022"]
[Site "Belgrade"]
[Date "2022.03.10"]
[Round "5.3"]
[White "Navara, David"]
[Black "Abdusattorov, Nodirbek"]
[Result "0-1"]
[WhiteElo "2697"]
[BlackElo "2651"]
[Annotator "TA"]
[PlyCount "124"]
[EventDate "2022.03.06"]
[EventType "tourn"]
[EventCountry "SRB"]
[SourceTitle "playchess.com"]
[Source "ChessBase"]
[SourceQuality "1"]

{[%evp 21,124,23,23,27,28,39,29,41,36,39,29,29,44,21,35,39,39,39,28,22,42,37,26,43,39,42,32,25,9,27,41,14,13,6,7,0,0,0,0,0,0,0,0,-11,-8,-10,-23,-19,-18,-14,-28,-24,-24,-29,-17,-17,-18,-17,-18,-23,-19,-33,-8,-8,-8,-10,-10,-10,-17,-79,-82,-97,-95,-98,-86,-114,-88,-88,-88,-147,-145,-145,-145,-147,-137,-145,-149,-595,-589,-893,-755,-2191,-1339,-29955,-29951,-29967,-29968,-29961,-29969,-29966,-29967,-5777,-5531,-29985,-29986]} 1. e4 e5 2. Nf3 Nc6 3. Bb5 {[%cal Bf1b5,Bb5a4,Ba4b3,Bb3c2,Bc2e4][%mdl 32]} a6 4. Ba4 Nf6 5. O-O Nxe4 6. d4 b5 7. Bb3 d5 8. dxe5 Be6 9. Nbd2 Nc5 10. c3 Be7 11. Bc2 d4 12. Nb3 {[%cal Rf3d4] C83: Open Ruy Lopez: 9 c3 Be7.} dxc3 {Hoping for ...Qxd1.} 13. Nxc5 Bxc5 14. Be4 {White has an edge.} Qd7 15. Bg5 {Prevents Rd8.} h6 $1 {[#]} (15... cxb2 16. Rb1 Rb8 17. Qc2 $11) 16. Qc2 $146 ({Predecessor:} 16. Qxd7+ Bxd7 17. Rac1 hxg5 18. Rxc3 Bb6 19. Bxc6 Bxc6 20. Rxc6 g4 21. Nd2 O-O-O 22. Ne4 {0-1 (41) O'Brien,G (1595)-Cabrera Trujillo,C (1600) ICCF email 2020}) 16... hxg5 17. Rad1 Nb4 $1 18. Qxc3 Bxf2+ $1 19. Kxf2 Nd5 20. Qc5 {[%cal Re4d5]} c6 21. Nxg5 Rh5 22. Nf3 Qa7 23. Rc1 Ne7 24. b3 Qxc5+ 25. Rxc5 Rd8 26. Rfc1 Bd5 27. Bxd5 Nxd5 28. g4 (28. Rxc6 Nb4 $15) 28... Rh3 29. Rxc6 Nf4 30. R1c3 (30. Rxa6 Nd3+ 31. Kg2 Rxf3 $1 {[%mdl 512]} 32. Kxf3 Nxc1 $17) 30... Nd3+ 31. Kg2 Nf4+ 32. Kf1 b4 {[%mdl 1024] Black has compensation.} 33. Re3 Rd1+ 34. Kf2 Nd5 35. e6 f5 36. Re5 $1 ({Don't blunder} 36. gxf5 $2 Nxe3 37. Ke2 (37. Kxe3 $2 Rf1 $19) 37... Nxf5 38. Kxd1 Rxf3 $19) 36... fxg4 37. e7 $1 Nxe7 {The board is on fire.} 38. Ng5 Rxh2+ 39. Kg3 Rxa2 40. Rce6 $1 Rd7 41. Rb6 Rd3+ 42. Kxg4 Rg2+ 43. Kf4 Rf2+ ({Don't play} 43... Rxb3 44. Rb8+ Kd7 45. Rb7+ Kc6 46. Rexe7 $16 (46. Rbxe7 Rf2+ 47. Kg4 Rg2+ 48. Kf4 Rf2+ 49. Kg4 Rg2+ 50. Kf4 $11)) 44. Kg4 Rd4+ 45. Kh3 (45. Ne4 $11 {keeps the balance.} Kd8 46. Rxa6) 45... Rf5 $1 $17 46. Rxf5 Nxf5 {[%mdl 4096] Endgame KRN-KRN} 47. Ne6 Rd3+ 48. Kg4 Ne3+ 49. Kf4 Rxb3 50. Nxg7+ (50. Ke4 $142) 50... Kd7 $1 51. Rxa6 Ra3 $1 52. Re6 Nc4 {...b3 is the strong threat.} 53. Re4 Rc3 {Strongly threatening ...b3. Black is more active.} 54. Ne6 $2 {[%mdl 8192] This costs White the game.} (54. Nf5 $17 {nothing else works.}) 54... Kd6 $1 $19 {White must now prevent ...Rc1.} 55. Nd4 Kd5 56. Nb5 {[#]} Rc1 $1 57. Nc7+ Kd6 58. Nb5+ Kc5 59. Nd4 {[#]} Kd5 $1 60. Nf3 b3 {[%cal Bb4b3,Bb3b2][%mdl 32]} 61. Rd4+ Kc5 {( -> ...b2)} 62. Nd2 b2 {Weighted Error Value: White=0.55/Black=0.01 (flawless)} 0-1

[Event "GM Tournament Belgrade 2022"]
[Site "Belgrade"]
[Date "2022.03.10"]
[Round "5.4"]
[White "Indjic, Aleksandar"]
[Black "Ivanisevic, Ivan"]
[Result "1-0"]
[WhiteElo "2604"]
[BlackElo "2599"]
[Annotator "TA"]
[PlyCount "63"]
[EventDate "2022.03.06"]
[EventType "tourn"]
[EventCountry "SRB"]
[SourceTitle "playchess.com"]
[Source "ChessBase"]
[SourceQuality "1"]

{[%evp 14,63,36,29,70,55,53,29,40,10,17,21,52,31,51,52,41,19,83,93,90,63,108,120,184,160,207,183,266,266,282,291,490,473,665,579,549,536,501,515,1007,1008,1005,985,1307,1291,1262,1267,1239,1221,1356,1118]} 1. d4 Nf6 2. Nf3 d6 3. c4 g6 4. h3 Bg7 5. Nc3 O-O 6. e4 c5 7. d5 e6 8. Bd3 Nbd7 {E90: King's Indian: Classical: Early deviations and 6 h3.} (8... exd5 $1 $11 9. cxd5 (9. Nxd5 Nxd5 10. cxd5 Nd7 $11) 9... Qc7) 9. Be3 {[#] White is more active.} Nh5 $146 ({Predecessor:} 9... a6 10. a4 e5 11. g4 Ne8 12. a5 Rb8 13. Qc2 b6 14. axb6 Rxb6 15. g5 Rb4 16. h4 {1-0 (33) Dubov,D (2710)-Lizak,P (2409) Chess.com INT 2021}) 10. g4 {[#] Strongly threatening dxe6.} Nhf6 {White has an edge.} 11. Nd2 exd5 12. cxd5 Re8 13. Be2 b5 14. Bxb5 Rb8 {[%cal Of6d5]} 15. Rb1 $36 {[%mdl 2048] White is more active.} h5 {[#]} (15... Rxb5 $1 $11 {remains equal.} 16. Nxb5 Ba6) 16. Be2 $1 $16 {White leaves nothing to chance now.} hxg4 17. hxg4 Ne5 (17... Nh7 $1 $14) 18. f3 {[%cal Bf2f3,Bf3g4][%mdl 32]} Rb4 (18... Qa5 $16 19. Kf2 Ba6) 19. Kf2 $18 Rd4 (19... g5 $16 20. a3 Rb7) 20. Kg2 ({Stronger than} 20. Bxd4 cxd4 21. Kg2 dxc3 22. bxc3 Bd7 $15) 20... Bb7 (20... Qe7 {was worth a try.} 21. Qe1 (21. Bxd4 cxd4 22. Qe1 dxc3 $11) 21... Nd3) 21. Qg1 Nxd5 22. exd5 Nxg4 $2 (22... Rxd5 23. Nxd5 (23. Qh2 Nxg4 24. Qh7+ Kf8 $17) 23... Bxd5) 23. fxg4 {And now Bf3 would win. White is clearly winning.} Qd7 (23... Bxd5+ $142 24. Nxd5 Rxd2) 24. Bxd4 cxd4 25. Nce4 Bxd5 26. Bf3 {Re1 is the strong threat.} Rxe4 (26... Bxe4 $142 27. Nxe4 Rxe4) 27. Bxe4 Qxg4+ 28. Kf1 Bc4+ 29. Nxc4 Qxe4 30. Nd2 Qd3+ 31. Ke1 Be5 32. Qf1 {Weighted Error Value: White=0.12 (very precise) /Black=0.45} 1-0

[Event "GM Tournament Belgrade 2022"]
[Site "Belgrade"]
[Date "2022.03.10"]
[Round "5.5"]
[White "Sjugirov, Sanan"]
[Black "Ivic, Velimir"]
[Result "1/2-1/2"]
[WhiteElo "2680"]
[BlackElo "2607"]
[Annotator "TA"]
[PlyCount "230"]
[EventDate "2022.03.06"]
[EventType "tourn"]
[EventCountry "SRB"]
[SourceTitle "playchess.com"]
[Source "ChessBase"]
[SourceQuality "1"]

{[%evp 19,229,18,29,0,0,0,0,0,0,0,4,0,0,0,0,0,0,0,16,15,13,0,0,0,31,35,50,54,127,119,133,0,0,0,0,0,0,0,0,0,0,0,0,0,0,0,0,0,0,0,0,0,0,0,0,0,0,0,0,-8,0,0,0,-36,-36,-29,-8,-8,-8,-21,-8,-8,-8,-8,-8,-8,0,0,0,0,0,0,0,0,0,0,0,0,0,-8,0,0,0,0,0,0,0,0,0,0,0,0,0,0,0,0,0,0,0,0,0,0,0,0,0,0,0,0,0,0,0,0,0,0,0,0,0,0,0,0,0,0,0,0,0,0,0,0,0,0,0,0,0,0,0,0,0,0,0,0,0,0,0,0,0,0,0,-8,-8,-8,-8,-8,-8,-8,-8,-8,0,0,0,-8,0,0,0,0,0,0,0,0,0,0,0,0,0,0,0,0,0,0,0,0,0,0,0,0,0,0,0,-8,0,0,0,0,0,-8,-8,-8,0,0,0,0,0,0]} 1. d4 Nf6 2. c4 g6 3. Nc3 d5 4. cxd5 Nxd5 5. e4 Nxc3 6. bxc3 Bg7 7. Bc4 c5 8. Ne2 Nc6 9. Be3 O-O 10. O-O b6 {10...b6 is the modern continuation.} 11. Qd2 {D87: Exchange Grünfeld: Classical Line: Variations without ...cxd4.} Bb7 {[%cal Bc8b7,Bb7c6,Bc6a4][%mdl 32]} 12. Rfd1 Rc8 13. Rac1 e6 14. Bb5 a6 15. Bxc6 Bxc6 16. d5 exd5 17. exd5 Ba4 {This bishop pair is nice.} 18. Re1 {[#]} h6 $146 ({Predecessor:} 18... Re8 19. c4 Qd6 20. Nc3 Bd7 21. a4 Re7 22. Bg5 Rxe1+ 23. Rxe1 Re8 24. Ne4 Qf8 25. Nf6+ Bxf6 26. Rxe8 Bxe8 27. Bxf6 Qd6 28. Qc3 {½-½ (28) Fischer,A-Mislin,R freechess.de 2021}) 19. c4 Qh4 20. Qd3 Rfe8 (20... Be5 21. g3 Qh3 22. Qb1 $16) 21. Qa3 Bd7 22. Qxa6 Be5 23. Ng3 $1 f5 ({Black should try} 23... Rb8 $14) 24. Qxb6 $16 f4 25. Qxg6+ (25. Bxc5 $16 fxg3 26. Qxg6+ Bg7 27. Rxe8+ (27. fxg3 Rxe1+ 28. Rxe1 Qxc4 $17) 27... Rxe8 28. hxg3) 25... Kh8 $11 26. Bd2 fxg3 27. hxg3 {[#] White wants to mate with Rxe5. Really sharp!} Qf6 28. Qxf6+ ({Resist} 28. Qxh6+ Qxh6 29. Bxh6 Kg8 $14) 28... Bxf6 29. Bxh6 Bd4 30. Be3 Bxe3 31. Rxe3 Rxe3 32. fxe3 {[%mdl 4096] Endgame KRB-KR} Kg7 33. Kf2 {[%cal Oa2a4]} Kf6 34. Rh1 Ke5 35. Rh7 Bg4 36. Rg7 Bf5 37. Re7+ Kf6 38. Ra7 Bd3 39. Ra6+ Kf5 40. g4+ Kxg4 41. d6 ({Don't play} 41. Rf6 Ra8 $15) 41... Kf5 {And now ...Ke6 would win.} 42. d7 Rd8 43. Rc6 {The position is equal.} Rxd7 44. Rxc5+ Ke4 45. g4 Ra7 46. Rc8 {[#] Re8+ would kill now.} Rxa2+ 47. Kg3 {[%cal Rc8e8]} Kxe3 48. c5 Rc2 49. c6 Ba6 50. Rc7 Ke4 51. Re7+ Kd5 52. c7 Kd6 {[%csl LRc7,LRe7]} 53. Rg7 Bc8 54. Kh4 Bd7 55. g5 {[%cal Bg4g5,Bg5g6,Bg6g7][%mdl 32]} Rh2+ 56. Kg3 Rh3+ 57. Kf4 Rh4+ 58. Kg3 Rc4 59. g6 Kxc7 60. Kf3 Kd6 61. Rf7 Be6 62. Ra7 Ke5 63. g7 Rc3+ 64. Kf2 Kf6 65. Ra6 Rc8 66. Ke3 Re8 67. Kd4 Kxg7 68. Ra5 Kf6 69. Rb5 Rh8 70. Ra5 Rh4+ 71. Ke3 Bc4 72. Rc5 Ke6 73. Rg5 Bd5 74. Rg7 Re4+ 75. Kd3 Kd6 76. Rh7 Ra4 77. Rh8 Kc5 78. Rc8+ Bc6 79. Ke3 Re4+ 80. Kd3 Rf4 81. Ke3 Rf3+ 82. Kd2 Rh3 83. Ke2 Kd5 84. Kd2 Rg3 85. Rc7 Bb5 86. Rb7 Bc4 87. Rd7+ Ke4 88. Re7+ Kd4 89. Rd7+ Bd5 90. Rd8 Rg2+ 91. Kd1 Rh2 92. Rd7 Kc4 93. Ke1 Be4 94. Rd2 Rh1+ 95. Kf2 Bd3 96. Ke3 Re1+ 97. Kf4 Kd4 98. Ra2 Rf1+ 99. Kg5 Rf5+ 100. Kg4 Ke3 101. Ra3 Rf6 102. Kg5 Rg6+ 103. Kh5 Rg1 104. Kh4 Rg8 {[%cal Oe3f4]} 105. Kh5 Ke4 106. Kh6 Rg3 107. Ra5 Kf4 108. Rg5 {Inhibits Rg6+.} Re3 109. Rd5 Be4 110. Ra5 Rg3 111. Rg5 {Prevents Rg6+.} Ra3 {( -> ...Ra6+)} 112. Rg1 Ra7 {[%csl Ge4][%cal Ra7h7]} 113. Rf1+ Kg4 {[%csl Ge4][%cal Ra7h7]} 114. Rg1+ $1 Kh4 {[%csl Ge4][%cal Ra7h7]} 115. Rg4+ $1 Kxg4 {Weighted Error Value: White=0.05 (flawless) /Black=0.05 (flawless)} 1/2-1/2

[Event "GM Tournament Belgrade 2022"]
[Site "Belgrade"]
[Date "2022.03.11"]
[Round "6.1"]
[White "Sarana, Alexey"]
[Black "Ivic, Velimir"]
[Result "1/2-1/2"]
[WhiteElo "2685"]
[BlackElo "2607"]
[Annotator "TA"]
[PlyCount "98"]
[EventDate "2022.03.06"]
[EventType "tourn"]
[EventCountry "SRB"]
[SourceTitle "playchess.com"]
[Source "ChessBase"]
[SourceQuality "1"]

{[%evp 20,98,0,0,0,0,0,0,0,0,0,0,0,0,0,0,0,0,0,0,14,0,0,0,0,-12,-16,-16,-9,-9,0,-9,-11,-8,-20,-8,-20,-35,-35,-35,0,0,0,0,0,0,0,0,0,0,0,0,0,0,0,0,0,0,0,0,0,0,0,0,0,0,0,0,0,0,0,0,0,0,0,0,0,0,0,0,0]} 1. d4 Nf6 2. c4 g6 3. Nc3 d5 4. cxd5 Nxd5 5. e4 Nxc3 6. bxc3 Bg7 7. Bc4 c5 8. Ne2 O-O 9. Be3 Nc6 10. Rc1 {[%cal Ba1c1,Bc1c3,Bc3d3,Bd3b3][%mdl 32]} cxd4 11. cxd4 Qa5+ {D87: Exchange Grünfeld: Classical Line: Variations without ...cxd4.} 12. Rc3 {[#]} Bg4 $146 ({Predecessor:} 12... Rd8 13. Qd2 Bg4 14. f3 Bd7 15. Kf2 Be8 16. Rb1 Nxd4 17. Nxd4 e5 18. Rd3 Qxd2+ 19. Bxd2 exd4 20. Rxb7 {½-½ (47) Bluebaum,M (2647)-Sychev,K (2572) Chess.com INT 2020}) 13. f3 Rad8 {[%cal Oc6d4] Threatens to win with ...Nxd4!} 14. Qd2 ({Avoid the trap} 14. fxg4 $2 {[#]} Nxd4 $1 {[%mdl 512]} 15. Bd2 (15. Bxd4 $2 Rxd4 16. Bd3 Rd6 $19) 15... Nxe2 $19) 14... Be6 15. Bxe6 fxe6 16. Rd3 Qa6 {[%cal Oc6e5]} 17. Kf2 Ne5 18. Rb3 Nc4 19. Qb4 {[%csl LRb7,LRe7]} Nxe3 20. Kxe3 Qxa2 {[%cal Og7d4] aiming for ...Bxd4+!} 21. Rb2 Qa6 22. Qxb7 Qc4 {[%cal Rd8d4] Hoping for ...Rxd4.} 23. Qb4 Rxd4 24. Nxd4 Bxd4+ 25. Kd2 {[#] Really sharp!} Qc7 {And now ...Qf4+ would win.} 26. Qxd4 Rd8 27. Qxd8+ Qxd8+ $11 {[%mdl 4096] Endgame KQ-KRR} 28. Kc1 a5 29. h3 a4 30. Rd1 {The position is equal.} Qc7+ 31. Kb1 Qc4 32. Rc1 Qd3+ 33. Ka2 Kf7 34. Rc5 Kf6 35. Rcb5 g5 36. R5b4 Qa6 37. Ka3 Qd3+ 38. Ka2 Qa6 39. Rb5 Qc6 40. Ka3 Qc4 41. Rb6 Kf7 42. R6b4 {Active counter play!} Qd3+ 43. Ka2 Qd7 44. Rc4 h6 45. Ka3 Qd3+ 46. Kb4 Kf6 47. e5+ Kf7 48. Re4 a3 49. Ra2 Qb1+ {Weighted Error Value: White=0.01 (flawless) /Black=0.01 (flawless)} 1/2-1/2